Statistics for Most Populated Cities in Hong Kong by Picture

Click here to take the quiz!

General Stats

  • This quiz has been taken 9 times
  • The average score is 6 of 10

Answer Stats

Answer% Correct
Kowloon
86%
Sha Tin
86%
Fanling
57%
Tai Po
57%
Tseung Kwan O
57%
Tsuen Wan
57%
Tuen Mun
57%
Kwai Chung
43%
Tin Shui Wai
43%
Victoria
43%

Score Distribution

Percentile by Number Answered

Percent of People with Each Score

Your Score History

You have not taken this quiz